| 000 | 00882cam a2200253 a 4500 | ||
|---|---|---|---|
| 999 |
_c5681 _d5681 |
||
| 001 | 1599704 | ||
| 003 | OSt | ||
| 005 | 20190108203156.0 | ||
| 008 | 940222s1994 cou 000 0 eng | ||
| 010 | _a 94065384 | ||
| 020 | _a0891097678 | ||
| 040 |
_aDLC _cDLC _dDLC |
||
| 050 | 0 | 0 |
_aBS1424 _b.P43 1994 |
| 082 | 0 | 0 |
_a223.2 _220 _bP485M |
| 130 | 0 |
_aBible. _pPsalms. _lEnglish. _sMessage. _f1994. |
|
| 245 | 1 | 4 |
_aThe message : _bPsalms / _cEugene H. Peterson. |
| 260 |
_aColorado Springs, Colo. : _bNavPress, _cc1994. |
||
| 300 |
_a199 p. ; _c24 cm. |
||
| 500 | _a"Published in association with the literary agency of Alive Communications ... Colorado Springs, Co."--T.p. verso. | ||
| 700 | 1 |
_aPeterson, Eugene H., _d1932-2018. |
|
| 906 |
_a7 _bcbc _corignew _d2 _eopcn _f19 _gy-gencatlg |
||
| 942 |
_2ddc _cBK |
||